Alternate Country Names - Statistics

General Stats
  • This quiz has been taken 189 times
    155 since last reset
  • The average score is 4 of 5
Answer Stats
Alternate Country % Correct
Czechoslovakia Czech Republic
94%
Union of Soviet Socialist Republics (Main Country) Russia
91%
People's Republic of ______ China
90%
Czechoslovakia Slovakia
85%
Holy See Vatican City
70%
No matching quizzes found
Score Distribution
Percent of People with Each Score
Percentile by Number Answered
Your Score History
You have not taken this quiz since the last reset